000 00425nam a22001577a 4500
003 MACL
005 20241018152120.0
008 241018b |||||||| |||| 00| 0 eng d
040 _cMACL
082 _a570
100 _aSharma Sanjay
_934303
245 _aMaster The NCERT For NEET UG Blology Volume 1
440 _aMaster The NCERT For NEET UG Blology Volume 1
_982519
700 _aSharma Sanjay
_934303
942 _2ddc
_cBK
999 _c67056
_d67056